000 00917nam a2200265 a 4500
001 000042445
005 20240412074301.0
008 131203s2006 ag 000 0 spa d
020 _a9871057563
040 _aDO-SdBNP
_bspa
_cBNPHU
082 _aRD861.44
_bB333p, 2006
100 1 _aBatista, León Félix,
_d1964-
_912031
245 1 0 _aProsa del que está en la esfera /
_cLeón Félix Batista.
260 _aBuenos Aires, Argentina :
_bTsé-Tsé,
_c2006.
300 _a274 p. ;
_c20 cm.
490 1 _aArchipiélago
_v21
504 _aBibliografías : p. 274
590 _aInventariado, 2018/LP
590 _aLa biblioteca posee un ejemplar autografiado por el autor
600 1 4 _aFÉLIX BATISTA, LEÓN,
_d1964
_zREPÚBLICA DOMINICANA
_967066
650 0 _aPoesía dominicana
_966
650 0 _aLiteratura dominicana.
_967
830 0 _aArchipiélago ;
_n21
_969602
910 _aValidado. Control de calidad MFF
999 _c41934
_d41934